| 000 | 00437nam a2200193Ia 4500 | ||
|---|---|---|---|
| 003 | 0100 | ||
| 008 | 130303s9999 xx 000 0 und d | ||
| 040 | _cARRUPELIB | ||
| 050 | _aB3279 .J33 P513 | ||
| 100 | _aJaspers, Karl | ||
| 245 | _aPhilosophy = Philosophie | ||
| 260 | _aChicago | ||
| 260 | _bUniversity of Chicago Press | ||
| 260 | _C1969-71 | ||
| 300 | _a3v. | ||
| 300 | _b 24cm. | ||
| 650 | _aPHILOSOPHY | ||
| 942 | 0 | 0 | _01 |
| 999 |
_c15321 _d15321 |
||